Statistics for 30 Countries In 15 Seconds

Click here to take the quiz!

General Stats

  • This quiz has been taken 145 times
  • The average score is 13 of 29

Answer Stats

CountryAnswer% Correct
UKUK (United Kingdom)
93%
USAUSA (United States
93%
NZNZ (New Zealand)
79%
ROKROK (South Korea)
79%
KSAKSA (Saudi Arabia)
72%
ROCROC (Taiwan)
72%
BrazilBrazil
69%
CongoCongo (Republic of, Democratic republic of)
69%
PeruPeru
69%
ChileChile
66%
CARCAR (Central African Republic)
62%
DRDR (Dominican Republic)
52%
FSMFSM (Federated States of Micronesia)
45%
IranIran
41%
PNGPNG (Papua New Guinea)
41%
DPRKDPRK (North Korea)
38%
IraqIraq
34%
OmanOman
28%
UAEUAE (United Arab Emirates)
28%
YemenYemen
28%
ChadChad
17%
PRCPRC (China)
17%
MaliMali
14%
NigerNiger
14%
SudanSudan
14%
FranceFrance
10%
SpainSpain
10%
ItalyItaly
3%
MaltaMalta
0%

Score Distribution

Percentile by Number Answered

Percent of People with Each Score

Your Score History

You have not taken this quiz